000 00815nam a2200205Ia 4500
001 14777
003 GE_BSU
008 181216s||||||||xx |||||||||||||| ||und||
040 _cGE_BSU
080 _a517,53/55
100 _aАльфорс, Ларс.
245 _aПространства римановых поверхностей и квазиконфортные отображения
245 _cПер. с английского В.А. Зорича и А.А. Кириллова. Под. ред. Б. В. Шабата.
260 _aМосква
260 _bИзд-во иностр. лит-ры
260 _c1961
300 _a176стр.20см.
653 _aпространства римановых поверхностей и квазиконфортные отображения
942 _cBK
999 _c47900
_d47900